Problematika riadnej a mimoriadnej účtovnej závierky z účtovného a daňového hľadiska

Otázky zániku a zrušenia účtovných jednotiek z daňového hľadiska, opravných položiek z účtovného a daňového hľadiska a finančnej analýzy účtovnej závierky.

Gespeichert in:
Bibliographische Detailangaben
1. Verfasser: Sklenka, Miloš
Format: Buchkapitel
Sprache:Slowakisch
Schlagworte:
Tags: Tag hinzufügen
Keine Tags, Fügen Sie das erste Tag hinzu!

MARC

LEADER 00000naa$a2200000$$$4500
001 0042920
005 20240502071517.7
041 0 |a slo 
044 |a SK 
245 1 0 |a Problematika riadnej a mimoriadnej účtovnej závierky z účtovného a daňového hľadiska  |c Miloš Sklenka 
520 |a Otázky zániku a zrušenia účtovných jednotiek z daňového hľadiska, opravných položiek z účtovného a daňového hľadiska a finančnej analýzy účtovnej závierky. 
610 2 0 |a účtovníctvo 
610 2 0 |a úpravy právne 
610 2 0 |a závierka účtovná 
610 2 0 |a položky opravné 
610 2 0 |a analýza finančná 
100 1 |a Sklenka, Miloš